LEADER 00929nam a2200193 i 4500 001 000000242271 003 CaOOAMICUS 005 20150603000000.0 008 150603s1772 it u000 u fre u 013 $a221176 026 $aa-la dele sele pede (3) 1772 (R) 040 $aSeMil$bita 245 10$aTome 3. 300 $a[4], xxii, 828 p. 500 $aSegn. : pg2 a-d4 A-5L4 5M2. 773 0 $aBossuet, Jacques-Bénigne $tOeuvres de Messire Jacques-Bénigne Bossuet, évêque de Meaux, ... Tome 1. [-12.].$bNouvelle édition revue sur les manuscrits originaux et les éditions les plus correctes, .. [par l'abbé Claude Lequeux, dom Déforis et dom Coniac].$dA Paris : Chez Antoine Boudet, imprimeur du roi, rue Saint-Jacques, 1772-1773.$g3$w()31965 850 $aSeMil 852 $aSeMil$W1$xVenegono$y1$m3F III 3 FA$j192617$B192617$CSeMilBibl$Z2$F203432 $8I 996 $6245$aTome 3$9(OLS)http://semarc/title/1575 LEADER 00999nam a2200229 i 4500 001 000000184309 003 CaOOAMICUS 005 20091229000000.0 008 091229s1963 sp u000 u spa u 013 $a162289 040 $aSeMil$bita 100 1 $aAlcala Galve, Angel.$0(OLS)http://semarc/name/67725 245 13$aLa Iglesia :$bmisterio y mision /$cPor Angel Alcala Galve ; prologo Casimiro Morcillo Gonzalez. 260 $aMadrid :$bBiblioteca de autores cristianos,$c1963. 300 $aXVI, 485 p. ;$c20 cm. 490 0 $aBiblioteca de autores cristianos 700 1 $aMorcillo Gonzalez, Casimiro.$0(OLS)http://semarc/name/67726 830 0$aBiblioteca de autores cristianos.$0(OLS)http://semarc/title/428 850 $aSeMil 852 $aSeMil$W1$xVenegono$y1$m2S V 3$j135005$B135005$CSeMilBibl$Z2$F146658 $81 996 $6245$aLa Iglesia :$bmisterio y mision$9(OLS)http://semarc/title/264534 996 $6260$aMadrid :$bBiblioteca de autores cristianos$9(OLS)http://semarc/publisher/29784